000 01238nac a22003257a 4500
001 BR8402262
003 BR-BrBNA
005 20240105120013.0
008 230509b bl.|||m| |||| 00| 0 por d
040 _aBR-BrBNA
_bpor
_cBiblioteca Nacional de Agricultura
072 _aL73
090 _a5214 BR8402262
100 1 _aOliveira, A.A. de
100 1 _aPedreira, P.A.S.
100 1 _aAlmeida, M. de F.R.S. de
110 1 _aUnidade de Execucao de Pesquisa de Ambito Estadual de Aracaju, SE (Brasil)
_910344
245 1 _aDiarreia bacteriana em bezerros nas regioes leiteiras do estado de Sergipe [Escherichia coli, infeccao, profilaxia, Brasil]
246 1 _a[Bacterial diarrhea in calves in the dairy areas of the state of Sergipe [Escherichia coli, infection, prophylaxis, Brazil]]
260 3 _aAracaju, SE (Brasil):
_c1984.
300 _a3 p.
490 _aPesquisa em Andamento - Unidade de Execucao de Pesquisa de Ambito Estadual de Aracaju (Brazil)
_vno. 22
_xISSN 0101-7357
650 _aDIARREIA
650 _aBEZERRO LEITEIRO
650 _aBACTERIA PATOGENICA
650 _aINFECCAO
650 _aPROFILAXIA
650 _aSERGIPE
909 _a202312
_bLúcia Elande
_c55
_dLúcia Elande
942 _2AGRIS
_n0
_cMS
999 _c277471
_d277471